000
00309nam a2200097Ia 4500
008
151015s9999 xx 000 0 und d
250
_a
_Report on the ''one dream;the kenya we want''conference
300
_a
Nairobi Republic of kenya 2009
650
_a
_One kenya one dream
700
_a
^d20110504 04:41:00^okorir
999
_c
1862
_d
1862